000 00241nam a2200085Ia 4500
245 0 _aSnapshot
100 _a Robertson, Craig Rearsy, [England], 2011 Large print ed
_9101210
942 _cBK
008 210817s9999 xx 000 0 und d
999 _c437394
_d437393